00907nam a22002057a 4500003000900000008004100009040007100050082002500121100001800146245008200164260003700246300006700283505020900350650002700559650001100586650002100597650003100618650001300649700003900662AR-CdUCM190404b ||||| |||| 00| 0 spa d aMUNICIPALIDAD PROVINCIAL DEL CUSCOcBIBLIOTECA MUNICIPAL DEL CUSCO a985.03 /bD61 / 1964 aDescola, Jean aLa vida cotidiana en el Perú en tiempos de los Españoles :b1710 - 1820 / aBuenos Aires :bHachette,c1964. a290 páginas ;bilustraciones, fotografías, planos,c22 cm. aContenido: El cuadro de la vida el país y los hombres -- El decorado de la vida pública y privada -- La vida privada las etapas de la vida -- La vida pública los deberes y las necesidades las musas. aIndígenas del Perú aPerú aÉpoca Colonial aVida y costumbres sociales aHistoria aCiviny, Gabriela de (traducción)